| 000 | 01234nam a22002057a 4500 | ||
|---|---|---|---|
| 003 | DO-CoUTE | ||
| 005 | 20230417093804.0 | ||
| 008 | 230417b dr ||||| |||| 00| 0 spa d | ||
| 020 | _a978-84-943449-9-2 | ||
| 040 |
_aDO-CoUTE _bspa _cDO-CoUTE |
||
| 082 |
_222 _a895.6 J27c 2015 |
||
| 100 | 1 |
_aJames, Grace _eautor |
|
| 245 | 1 | 0 |
_aCuentos japoneses de doncellas / _cGrace James |
| 260 | _aprimera edición | ||
| 300 |
_a93 páginas : _bIlustraciones ; _c18x11.5cm. |
||
| 504 | _aIncluye referencia bibliográfica e índice | ||
| 520 | _aUna deliciosa selección de historias de amor y desamor, cuentos de doncellas en los que la línea imaginaria que separa realidad y ficción se funde hasta desaparecer. Leyendas ancestrales en las que el respeto por la familia, el honor, la belleza de la naturaleza y la presencia a nuestro alrededor de seres mitológicos, nos revela que nuestra existencia puede ser tan misteriosa como extraordinaria. Una inmejorable forma de acercarnos al Japón más exótico y remoto en un breve libro con el que inauguramos nuestra colección de Miniaturas Quaterni, enfocada para todo tipo de lectores, amantes o no de la literatura oriental. | ||
| 650 | 4 | _aCuentos japonese | |
| 942 |
_2ddc _cBK |
||
| 999 |
_c22510 _d22510 |
||